000 00280nam a22001337a 4500
008 210527b ||||| |||| 00| 0 eng d
041 _aeng
080 _a573
082 _a573
100 _a11
101 _aBIO
245 _aBiology The Key Ideas
_cWong,H.K
942 _2udc
_cBK
999 _c57673
_d57673